| 000 | 01030cam a22003015a 4500 | ||
|---|---|---|---|
| 001 | 18102208 | ||
| 005 | 20150812121638.0 | ||
| 008 | 140403t2014 caua fr 001 0 eng d | ||
| 020 | _a9780321906373 | ||
| 020 | _a0321906373 | ||
| 040 |
_aGC0 _cGC0 _dYDXCP _dNUI _dDLC _dEG-ScBUE _beng |
||
| 050 | 0 | 0 |
_aT385 _b.B86439 2014 |
| 082 | 0 | 4 |
_222 _bBUR _a006.6860247454 |
| 100 | 1 |
_aBurrough, Xtine. _938329 |
|
| 245 | 1 | 0 |
_aFoundations of digital art and design with the Adobe Creative Cloud / _cXtine Burrough. |
| 260 |
_a[Berkeley, California] : _bNew Riders / Peachpit / Pearson Education, _cc.2014. |
||
| 300 |
_axiii, 305 p. : _bill. (col.) ; _c23 cm. |
||
| 500 | _aIndex : p. 298-305. | ||
| 650 | 0 |
_aComputer graphics. _2BUEsh |
|
| 650 | 0 |
_aWeb sites _xDesign. _2BUEsh |
|
| 650 | 0 |
_aDesign _xData processing. _2BUEsh |
|
| 650 | 0 |
_aGraphic arts _xData processing. _2BUEsh |
|
| 650 | 0 |
_aCloud computing. _2BUEsh _937309 |
|
| 651 | _2BUEsh | ||
| 653 |
_bCOMAME _cJune2015 _cAugust2015 |
||
| 655 |
_vreading book _934232 |
||
| 942 | _2ddc | ||
| 999 |
_c19996 _d19968 |
||